Introduction to probability

שמור ב:
מידע ביבליוגרפי
מחבר ראשי: Charles Miller Grinstead
פורמט: ספר
שפה:Undetermined
יצא לאור: Rhode Island, USA American Mathematical Society 1997
נושאים:
תגים: הוספת תג
אין תגיות, היה/י הראשונ/ה לתייג את הרשומה!
Thư viện lưu trữ: Trung tâm Học liệu Trường Đại học Cần Thơ
LEADER 00528nam a2200181Ia 4500
001 CTU_59811
008 210402s9999 xx 000 0 und d
082 |a 519.2 
082 |b G866 
100 |a Charles Miller Grinstead 
245 0 |a Introduction to probability 
245 0 |c Charles Miller Grinstead and James Laurie Snell 
260 |a Rhode Island, USA 
260 |b American Mathematical Society 
260 |c 1997 
650 |a probabilities 
904 |i Minh 
980 |a Trung tâm Học liệu Trường Đại học Cần Thơ